|
|
|
|
| LEADER |
00000cam a2200000 i 4500 |
| 001 |
1/45462 |
| 008 |
070605s2006 gr | ||| |||| ||gre|| |
| 020 |
|
|
|a 9600431620
|
| 035 |
|
|
|l 10088125
|
| 040 |
|
|
|a GR-MyUA
|b gre
|e AACR2
|
| 041 |
1 |
|
|a gre
|h eng
|
| 082 |
0 |
|
|a 320.533
|2 (22)
|
| 100 |
1 |
|
|a Paxton, Robert O.
|
| 245 |
1 |
2 |
|a Η ανατομία του φασισμού /
|c Robert O. Paxton ; μετάφραση Κατερίνα Χαλμούκου.
|
| 260 |
|
|
|a Αθήνα :
|b Κέδρος,
|c 2006.
|
| 300 |
|
|
|a 427 σ. ;
|c 23 εκ.
|
| 500 |
|
|
|a Μετάφραση από τα αγγλικά.
|
| 500 |
|
|
|a Τίτλος πρωτοτύπου: The anatomy of fascism.
|
| 504 |
|
|
|a Περιέχει βιβλιογραφικό δοκίμιο.
|
| 650 |
0 |
0 |
|a Fascism.
|
| 650 |
0 |
0 |
|a Fascism
|z Europe
|x History
|y 20th century.
|
| 651 |
|
0 |
|a Europe
|x Politics and government
|y 20th century.
|
| 700 |
1 |
|
|a Χαλμούκου, Κατερίνα,
|e trlf
|
| 852 |
|
|
|a INST
|b LESVOS
|e 20070605
|h 320.533 ΡΑΧ
|p 005100037767
|q 005100037767
|t BK
|y 4
|x 20170515
|
| 852 |
|
|
|a INST
|b LESVOS
|c EUDOXUS
|e 20130215
|h 320.533 ΡΑΧ
|p 005100051978
|q 005100051978
|t EDX
|y 4
|x 20200331
|
| 852 |
|
|
|a INST
|b LESVOS
|c EUDOXUS
|e 20130620
|h 320.533 ΡΑΧ
|p 005100052450
|q 005100052450
|t EDX
|y 4
|x 20200317
|
| 852 |
|
|
|a INST
|b LESVOS
|c EUDOXUS
|e 20130620
|h 320.533 ΡΑΧ
|p 005100052451
|q 005100052451
|t EDX
|y 0
|
| 852 |
|
|
|a INST
|b LESVOS
|c EUDOXUS
|e 20130620
|h 320.533 ΡΑΧ
|p 005100052452
|q 005100052452
|t EDX
|y 0
|
| 852 |
|
|
|a INST
|b RHODES
|e 20070906
|h 320.533 ΡΑΧ
|p 005400025839
|q 005400025839
|t BK
|y 0
|
| 901 |
|
|
|a BIBL1-2007-2
|
| 901 |
|
|
|a BIBL4-2007-3
|
| 901 |
|
|
|a BIBL1-2013-1
|
| 901 |
|
|
|a BIBL1-2013-2
|
| 909 |
|
|
|a Λ
|b 131148
|
| 909 |
|
|
|a Ρ
|b 138558
|
| 909 |
|
|
|a Λ
|b 177930
|
| 909 |
|
|
|a Λ
|b 179197
|
| 909 |
|
|
|a Λ
|b 179195
|
| 909 |
|
|
|a Λ
|b 179198
|
| 920 |
|
|
|a ΕΥΔΟΞΟΣ
|b ΠΑΡΑΓΓΕΛΙΑ
|y Λέσβος-ΤΚ
|z 2013-02
|
| 920 |
|
|
|a ΕΥΔΟΞΟΣ
|b ΠΑΡΑΓΓΕΛΙΑ
|y Λέσβος-ΤΚΑ
|z 2013-04
|
| 922 |
|
|
|a 1ΕΛΗ
|b 200705
|c ΕΠΕΑΕΚ2/ΤΚΑ
|d Σ. ΠΑΤΑΚΗΣ
|
| 922 |
|
|
|a 4ΕΛΗ
|b 200708
|c ΕΠΕΑΕΚ2/ΠΤΔΕ
|d Σ. ΠΑΤΑΚΗΣ
|
| 970 |
|
|
|a ΧΑΤΖΗΜΙΧΑΗΛ
|b ΜΑΡΙΑ
|z 2007/06/05
|